ARRUPE JESUIT UNIVERSITY

CORONAVIRUS -STOP THE SPREAD - CLEAN,DISINFECT,COVER

The controversy on the comets of 1618 (Record no. 122384)

MARC details
000 -LEADER
fixed length control field 00641nam a22001937a 4500
008 - FIXED-LENGTH DATA ELEMENTS--GENERAL INFORMATION
fixed length control field 150310b xxu||||| |||| 00| 0 eng d
050 ## - LIBRARY OF CONGRESS CALL NUMBER
Classification number QB724.C6 1960
100 ## - MAIN ENTRY--PERSONAL NAME
Personal name Galilei, Galileo
9 (RLIN) 16140
245 ## - TITLE STATEMENT
Title The controversy on the comets of 1618
Statement of responsibility, etc /by Galileo Galilei [et al.]
260 ## - PUBLICATION, DISTRIBUTION, ETC. (IMPRINT)
Place of publication, distribution, etc Philadelphia
Name of publisher, distributor, etc University of ;Pennysylvania Press
Date of publication, distribution, etc 1960
300 ## - PHYSICAL DESCRIPTION
Extent xxv, 380p. ;
Dimensions 22cm.
650 ## - SUBJECT ADDED ENTRY--TOPICAL TERM
Topical term or geographic name as entry element Comets
Chronological subdivision 1618
9 (RLIN) 16141
700 ## - ADDED ENTRY--PERSONAL NAME
Personal name Haratio Galilei
9 (RLIN) 16142
700 ## - ADDED ENTRY--PERSONAL NAME
Personal name Mario Guiducci
9 (RLIN) 16143
700 ## - ADDED ENTRY--PERSONAL NAME
Personal name Johann Kepler
9 (RLIN) 16144
700 ## - ADDED ENTRY--PERSONAL NAME
Personal name Drake, Stillman (tr.)
9 (RLIN) 16145
700 ## - ADDED ENTRY--PERSONAL NAME
Personal name Omalley, Charles D.
9 (RLIN) 16146
942 ## - ADDED ENTRY ELEMENTS (KOHA)
Source of classification or shelving scheme Library of Congress Classification
Item type Monograph ( Printed materials)
Holdings
Withdrawn status Lost status Source of classification or shelving scheme Damaged status Not for loan Collection code Home library Current library Shelving location Date acquired Total Checkouts Full call number Barcode Date last seen Price effective from Koha item type
    Library of Congress Classification     Main Collection ARRUPE LIBRARY ARRUPE LIBRARY Main Collection 10/03/2015   QB724.C6 1960 46500002771 02/07/2019 10/03/2015 Monograph ( Printed materials)

 

Arrupe Library. PO Box MP320 Mt Pleasant, Harare, Zimbabwe
263 242 745411|librarian@aju.ac.zw